लोड हो रहा है...

Discrete mathematics

ग्रंथसूची विवरण
मुख्य लेखक: Dawra, Sudhir
स्वरूप: Printed Book
भाषा:English
प्रकाशित: New Delhi Anmol 2003
विषय:
LEADER 00482nam a22001577a 4500
003 OSt
008 091119t xxu||||| |||| 00| 0 eng d
080 |a 519.11  |b DAW 
100 |a Dawra, Sudhir  |9 1874 
245 |a Discrete mathematics  |c Sudhir Dawra 
260 |a New Delhi  |b Anmol  |c 2003 
300 |a 345p. 
653 |a Discrete mathematics 
942 |c BK  |6 _ 
999 |c 217347  |d 217347 
952 |0 0  |1 0  |4 0  |6 51911_DAW  |7 0  |9 281612  |a MAT  |b MAT  |d 2009-11-19  |o 519.11 DAW  |p MAT06330  |r 2009-11-19  |t 1  |w 2009-11-19  |y BK